MyGZULibrary

International negotiation : (Record no. 10365)

MARC details
000 -LEADER
fixed length control field 01413cam a22003374a 4500
001 - CONTROL NUMBER
control field 728815
003 - CONTROL NUMBER IDENTIFIER
control field GZU
005 - DATE AND TIME OF LATEST TRANSACTION
control field 20220323093125.0
008 - FIXED-LENGTH DATA ELEMENTS--GENERAL INFORMATION
fixed length control field 981117s1999 nyu b 001 0 eng
010 ## - LIBRARY OF CONGRESS CONTROL NUMBER
LC control number 98051658
020 ## - INTERNATIONAL STANDARD BOOK NUMBER
International Standard Book Number 0312217781 (cloth)
035 ## - SYSTEM CONTROL NUMBER
System control number (DLC) 98051658
040 ## - CATALOGING SOURCE
Original cataloging agency DLC
Transcribing agency DLC
Modifying agency DLC
042 ## - AUTHENTICATION CODE
Authentication code pcc
050 00 - LIBRARY OF CONGRESS CALL NUMBER
Classification number JZ1305
Item number .INT 1999
245 00 - TITLE STATEMENT
Title International negotiation :
Remainder of title actors, structure/process, values /
Statement of responsibility, etc. edited by Peter Berton, Hiroshi Kimura and I. William Zartman.
260 ## - PUBLICATION, DISTRIBUTION, ETC.
Place of publication, distribution, etc. New York :
Name of publisher, distributor, etc. St. Martin's Press,
Date of publication, distribution, etc. 1999.
300 ## - PHYSICAL DESCRIPTION
Extent xi, 371 pages ;
Dimensions 22 cm.
504 ## - BIBLIOGRAPHY, ETC. NOTE
Bibliography, etc. note Includes bibliographical references and indexes.
650 #0 - SUBJECT ADDED ENTRY--TOPICAL TERM
Topical term or geographic name entry element International relations.
650 #0 - SUBJECT ADDED ENTRY--TOPICAL TERM
Topical term or geographic name entry element Negotiation
General subdivision Cross-cultural studies.
700 1# - ADDED ENTRY--PERSONAL NAME
Personal name Berton, Peter,
Dates associated with a name 1922-
Relator term editor
700 1# - ADDED ENTRY--PERSONAL NAME
Personal name Kimura, Hiroshi,
Dates associated with a name 1936-
Relator term editor
700 1# - ADDED ENTRY--PERSONAL NAME
Personal name Zartman, I. William.
Relator term editor
856 42 - ELECTRONIC LOCATION AND ACCESS
Materials specified Contributor biographical information
Uniform Resource Identifier <a href="http://www.loc.gov/catdir/bios/hol057/98051658.html">http://www.loc.gov/catdir/bios/hol057/98051658.html</a>
856 42 - ELECTRONIC LOCATION AND ACCESS
Materials specified Publisher description
Uniform Resource Identifier <a href="http://www.loc.gov/catdir/description/hol056/98051658.html">http://www.loc.gov/catdir/description/hol056/98051658.html</a>
856 41 - ELECTRONIC LOCATION AND ACCESS
Materials specified Table of contents
Uniform Resource Identifier <a href="http://www.loc.gov/catdir/toc/hol052/98051658.html">http://www.loc.gov/catdir/toc/hol052/98051658.html</a>
906 ## - LOCAL DATA ELEMENT F, LDF (RLIN)
a 7
b cbc
c orignew
d 1
e ocip
f 19
g y-gencatlg
942 ## - ADDED ENTRY ELEMENTS (KOHA)
Source of classification or shelving scheme Library of Congress Classification
Koha item type Books
Classification part 1305
Item part INT
Call number prefix JZ
Holdings
Withdrawn status Lost status Source of classification or shelving scheme Damaged status Not for loan Collection code Home library Current library Shelving location Date acquired Source of acquisition Total Checkouts Full call number Barcode Date last seen Copy number Price effective from Koha item type
    Library of Congress Classification     Non-fiction City Campus Library City Campus Library General Stacks 03/23/2022 Baroda Trading   JZ1305 INT 1999 031995 03/23/2022 c. 1 03/23/2022 Books
    Library of Congress Classification     Non-fiction City Campus Library City Campus Library General Stacks 03/23/2022 Baroda Trading   JZ1305 INT 1999 031996 03/23/2022 c. 2 03/23/2022 Books